History Quiz

Random History or Letter Quiz

'J' American History Figures Quiz Stats

 Plays Quiz Updated Sep 10, 2017

Challenge
Share
Tweet
Embed
Score 0/20 Timer 04:00
0 Plays Today
% Correct
Steve Jobs
94.8%
Michael Jordan
93.9%
Lyndon B. Johnson
93.3%
Jesse James
92%
Thomas Jefferson
92%
Stonewall Jackson
88.1%
Mae Jemison
86.6%
Jesse Jackson
85.5%
Jackie Joyner-Kersee
84.8%
Janis Joplin
84.6%
% Correct
Jim Jones
83.2%
Andrew Jackson
82.6%
Waylon Jennings
81.5%
Andrew Johnson
81.4%
Bobby Jindal
80.9%
Scott Joplin
78.9%
Mother Jones
78.1%
John Jay
77.5%
Bobby Jones
77.2%
Al Jolson
74.9%

You're not logged in!

Compare scores with friends on all Sporcle quizzes.
OR
Log In

You Might Also Like...

Show Comments

Extras

Top Quizzes Today


Score Distribution

Your Account Isn't Verified!

In order to create a playlist on Sporcle, you need to verify the email address you used during registration. Go to your Sporcle Settings to finish the process.

Report this User

Report this user for behavior that violates our Community Guidelines.

Details: